Normal view
MARC view
- Kennel, Ralph.
Entry Personal Name
001 - CONTROL NUMBER
- control field: 55210
003 - CONTROL NUMBER IDENTIFIER
- control field: OSt
005 - DATE AND TIME OF LATEST TRANSACTION
- control field: 20240322142729.0
008 - FIXED-LENGTH DATA ELEMENTS
- fixed length control field: 240322|| aca||aabn | a|a d
040 ## - CATALOGING SOURCE
- Original cataloging agency: OSt
- Transcribing agency: OSt
100 ## - HEADING--PERSONAL NAME
- Personal name: Kennel, Ralph.
- Relator term: author.
670 ## - SOURCE DATA FOUND
- Source citation: Work cat.: (OSt): Hammoud, Issa. 55204, On continuous-set model predictive control of permanent magnet synchronous machines /, September 2022.
